Pokémon per Altezza - Statistics

Statistiche generali
  • Questo quiz è stato fatto 30 volte
  • Il punteggio medio è 12 su 16
Statistiche sulle risposte
con Immagini Hint Risposta % Corretto
6,9m Giratina Forma Originale
92%
10,8m MegaRayquaza
92%
7,0m Rayquaza
92%
9,8m Kyogre Archeorisveglio
88%
10,5m MegaSteelix
88%
8,8m Onix
88%
9,2m Steelix
88%
14,5m Wailord
88%
7,0m Dialga Forma Originale
85%
10,9m Exeggutor Forma di Alola
85%
20,0m Eternatus
73%
100,0m Eternatus Dynamax Infinito
69%
7,5m UltraNecrozma
65%
9,2m Celesteela
54%
8,2m Wishiwashi Forma Banco
50%
12,0m Dondozo
42%
Nessun quiz corrispondente trovato
Distribuzione punteggi
Percentuale di utenti per punteggio
Percentile per numero di risposta
I tuoi punteggi nel tempo
Non hai fatto questo quiz